00753nam a2200181 a 450000100100000000500170001000800410002704000250006808200150009310000250010824500840013326000510021730000300026850001280029804900090042695201190043599900170055400001913420200929165930.0100526s1986 ru c r 000 0 spa d aDO-SdBNPbspacBNPHU axxxbD249j1 aDavidow, Mike94116513aLa juventud lucha por su porvenir /cMike Davidow ; traductor Vladimir Alexeev. aMoscú :bAgencia de Prensa Nóvisti,c1986. a63 p. :bretrs. ;c17 cm. aEn la portada: notas de un periodista norteamericano sobre XII Festival Mundial de la Juventud y los Estudiantes en Moscú aBNGR 001054708MOaGRbGRcCTd2010-05-26iLF1l0oxxx D249jp19134-10r2020-06-25w2020-06-25y4ZPréstamo en sala c18652d18652